|
|
|
|
| LEADER |
00000nab a2200000 a 4500 |
| 001 |
vtls000748595 |
| 003 |
SK-MaSNL |
| 005 |
20260305014931.0 |
| 008 |
250429c2004 xo mr|p|||||||000 b|slo |
| 015 |
|
|
|a SNBRB2004/11
|2 snkbucl
|
| 035 |
|
|
|a (uuid)fd54bf63-0359-46f9-a62a-56680cbf106c
|
| 035 |
|
|
|a urn:nbn:sk:snk-ab20i0
|
| 035 |
|
|
|a (urnnbn)urn:nbn:sk:snk:ar-a01d30
|
| 038 |
|
|
|a SNKBUCL
|
| 040 |
|
|
|a SNKBUCL
|b slo
|c SNKBUCL
|e AACR2
|
| 041 |
0 |
|
|a slo
|
| 044 |
|
|
|a xo
|c SK
|
| 080 |
|
|
|a 78.071.2
|2 1997
|
| 080 |
|
|
|a 784.4
|2 1997
|
| 100 |
1 |
|
|a Faltus, Róbert
|4 aut
|9 819476
|
| 245 |
1 |
0 |
|a Vyšivanka-Lada: Slovanské balady a piesne
|c Robert Faltus
|
| 300 |
|
|
|b Obr.
|
| 610 |
2 |
7 |
|a Vyšivanka Lada
|2 SNKKA
|9 235306
|
| 630 |
0 |
7 |
|a Slovanské balady a piesne (nahrávka CD/DVD)
|2 snkbucl
|9 1593479
|
| 773 |
0 |
|
|t Hudobný život
|g Roč. XXXVI, č. 10 (2004), s. 45-46
|x 1335-4140
|
| 850 |
|
|
|a Slovenská národná knižnica
|
| 852 |
|
|
|a Slovenská národná knižnica
|
| 954 |
|
|
|a odborná, vedecká literatúra pôvodná (slovenská)
|2 lita
|
| 958 |
|
|
|a article27
|
| 958 |
|
|
|a OND
|
| 958 |
|
|
|a RC
|
| 958 |
|
|
|a EUIPO
|
| 999 |
|
|
|c 3272098
|d 3274028
|